000 00561nam a2200229Ia 4500
003 OSt
005 20220928145700.0
006 a|||||r|||| 00| 0
007 ta
008 220927b |||||||| |||| 00| 0 eng d
024 _a81796
037 _cTextual
040 _aSDCL
_cSDCL
_beng
041 _2eng
_aeng
082 _aX:991.73'N7, L5
100 _aCohen Sanford
_9513985
245 0 _aLabor in the United States
250 _a4
260 _c1975
942 _hX:991.73'N7, L5
_cTEXL
_2CC
999 _c834643
_d834643